A melhor maneira de viver (Registo nº 11418)

Detalhes MARC
000 -Etiqueta do registo
Valores 00558nam a22001931i 4500
090 ## -
-- 11418
100 ## - Dados gerais de processamento
Dados gerais 20170304u u u0frey50 ba
101 1# - Língua de publicação
-- por
200 1# - Titulo e menção de responsabilidade
Primeira menção de responsabilidade Og Mandino
Título próprio A melhor maneira de viver
210 ## - Publicação
Nome do editor Sábado
Data de publicação cop. 2006
215 ## - Descrição física 
Paginação / Volumes 118, [2] p.
Dimensões 22 cm
225 2# - Colecção 
Título próprio da colecção O melhor de si
300 ## - Notas gerais 
Texto da nota Og Mandino é pseudonimo de Augustine Mandino (1923-1996). - Oferta de Maria da Conceição Galveia
606 #1 - Nome comum usado como assunto
Palavra de ordem Psicologia
ID Autoridade 3335
675 ## - CDU
Notação 159.947
700 #1 - Autor principal (pessoa individual)
Apelido Mandino
Nome Og
-- 070
Datas 1923-1996
801 ## - Fonte de origem
País PT
Regras de catalogação RPC
990 ## - Elementos KOHA
Tipo de documento Livro
995 ## - Localização e informação dos exemplares
-- 25
Exemplares
Situação do levantamento Estado Biblioteca de origem Biblioteca de empréstimo Localização na Estante Código de barras Cota Permissão de empréstimo Tipo de documento
  Completo Biblioteca Municipal de Viana Do Alentejo Biblioteca Municipal de Viana Do Alentejo   0016230 159.9 MAN Disponível Livro
  Completo Biblioteca Municipal de Viana Do Alentejo Biblioteca Municipal de Viana Do Alentejo Pólo Aguiar   0024096 159.9 MAN Disponível Livro




Powered by Koha